000 00668nam a2200217Ii 4500
001 490
003 CO-ViMGA
008 241108s9999||||xx |||||||||||||| ||und||
020 _a9275320586
040 _aCO-ViMGA
_bspa
_erda
_cCO-ViMGA
041 0 _aspa
082 0 4 _a616.462 O73e
110 1 _aOrganización Panamericana de la Salud
_933827
245 1 0 _aEducación sobre diabetes :
_bdisminuyamos el costo de la ignorancia
264 1 _aWashington, Estados Unidos : OPS, 1996
300 _avolumen
336 _atext
_btxt
_2rdacontent
337 _aunmediated
_bn
_2rdamedia
338 _avolume
_bnc
_2rdacarrier
940 _aidficha_siabuc: 477. -- ficha_no_siabuc:490
999 _c49740
_d49740